Permata minda / (Record no. 1273)
[ view plain ]
| 000 -LEADER | |
|---|---|
| fixed length control field | nam a22 a 4500 |
| 003 - CONTROL NUMBER IDENTIFIER | |
| control field | AKMAL |
| 005 - DATE AND TIME OF LATEST TRANSACTION | |
| control field | 20170509090016.0 |
| 008 - FIXED-LENGTH DATA ELEMENTS--GENERAL INFORMATION | |
| fixed length control field | 170509s1999 my 00 may d |
| 020 ## - INTERNATIONAL STANDARD BOOK NUMBER | |
| International Standard Book Number | 983221100X (kkt.): |
| Terms of availability | RM15.00 |
| 040 ## - CATALOGING SOURCE | |
| Original cataloging agency | AKMAL |
| Transcribing agency | AKMAL |
| 082 04 - DEWEY DECIMAL CLASSIFICATION NUMBER | |
| Classification number | 297.5699 SHU |
| Edition number | 21 |
| 090 00 - LOCALLY ASSIGNED LC-TYPE CALL NUMBER (OCLC); LOCAL CALL NUMBER (RLIN) | |
| Classification number (OCLC) (R) ; Classification number, CALL (RLIN) (NR) | 297.5699 |
| Local cutter number (OCLC) ; Book number/undivided call number, CALL (RLIN) | SHU |
| 100 0# - MAIN ENTRY--PERSONAL NAME | |
| Personal name | Shuib Sulaiman, |
| Dates associated with a name | 1954- |
| 9 (RLIN) | 2521 |
| 245 10 - TITLE STATEMENT | |
| Title | Permata minda / |
| Statement of responsibility, etc. | Shuib Sulaiman |
| 260 ## - PUBLICATION, DISTRIBUTION, ETC. | |
| Place of publication, distribution, etc. | Kuala Lumpur, |
| Date of publication, distribution, etc. | Abuku Hebat, |
| -- | 1999 |
| 300 00 - PHYSICAL DESCRIPTION | |
| Extent | x, 205ms. ; |
| Dimensions | 21cm |
| 440 #0 - SERIES STATEMENT/ADDED ENTRY--TITLE | |
| Title | Siri motivasi ; |
| Volume/sequential designation | 1 |
| 9 (RLIN) | 1119 |
| 650 #0 - SUBJECT ADDED ENTRY--TOPICAL TERM | |
| Topical term or geographic name entry element | Religious life |
| General subdivision | Islam |
| 9 (RLIN) | 819 |
| 650 #0 - SUBJECT ADDED ENTRY--TOPICAL TERM | |
| Topical term or geographic name entry element | Virtue |
| General subdivision | Religious aspects |
| -- | Islam |
| 9 (RLIN) | 2522 |
| 942 ## - ADDED ENTRY ELEMENTS (KOHA) | |
| Source of classification or shelving scheme | |
| Koha item type | Book |
| Withdrawn status | Lost status | Source of classification or shelving scheme | Damaged status | Not for loan | Collection code | Home library | Current library | Shelving location | Date acquired | Inventory number | Total Checkouts | Full call number | Barcode | Date last seen | Price effective from | Koha item type |
|---|---|---|---|---|---|---|---|---|---|---|---|---|---|---|---|---|
| NON-FICTION | AKMAL Melaka | AKMAL Melaka | PINJAMAN | 09.05.2017 | 200920 | 297.5699 SHU | 201702442 | 09.05.2017 | 09.05.2017 | Book |
